| 000 | 00621nam a2200181Ia 4500 | ||
|---|---|---|---|
| 008 | 100921s9999 xx 000 0 und d | ||
| 082 |
_b9741 _a808.068 थ 69 |
||
| 100 | _aतेलकर श्रीधर. | ||
| 245 | _aराणी चेन्नमा. | ||
| 260 |
_bव्हिनस प्रकाशन, पुणे. _c1969 |
||
| 300 |
_a51 _b--- |
||
| 365 | _b1.25 | ||
| 520 | _aललित-बालवाङ्रमय. | ||
| 630 | _aराणी चेन्नमा. | ||
| 650 | _aललित-बालवाङ्रमय. | ||
| 730 | _aराणी चेन्नमा. | ||
| 942 | _cBOOK | ||
| 999 |
_c758854 _d758851 |
||